Vybrané metody statistické analýzy dat /

Saved in:
Bibliographic Details
Main Authors: Antoch, Jaromír (Author), Vorlíčková, Dana (Author)
Format: Book
Language:Czech
Published: Praha : Academia, 1992
Tags: Add Tag
No Tags, Be the first to tag this record!

MARC

LEADER 00000nam a22000003a 4500
001 stu21727
005 20150617225750.5
008 930927s1992----cs------------------cze-d
020 |a 80-200-0204-9 
040 |a STU  |b slo 
041 0 |a cze 
044 |a cs 
080 |a 519.21 
100 1 |a Antoch, Jaromír  |4 aut 
245 1 |a Vybrané metody statistické analýzy dat /  |c [aut.]Antoch,Jaromír, Vorlíčková,Dana 
260 |a Praha :  |b Academia,  |c 1992 
300 |a 279 s :  |b Tab.,lit.,index 
700 1 |a Vorlíčková, Dana  |4 aut 
996 |b C91947  |c C*91947  |l CCXX  |s P  |a 0  |w stu21727_0001